000236546 001__ 236546
000236546 005__ 20230317222753.0
000236546 037__ $$aGSI-2020-01318
000236546 041__ $$aGerman
000236546 1001_ $$0P:(DE-HGF)0$$aGyrdymov, Mikhail$$b0$$eCorresponding author$$gmale
000236546 245__ $$aCharakterisierung der Energie- und Winkelverteilung der laserbeschleunigten ultrarelativistischen Elektronen
000236546 260__ $$c2020
000236546 300__ $$a99 S.
000236546 3367_ $$2DataCite$$aOutput Types/Supervised Student Publication
000236546 3367_ $$02$$2EndNote$$aThesis
000236546 3367_ $$2BibTeX$$aMASTERSTHESIS
000236546 3367_ $$2DRIVER$$amasterThesis
000236546 3367_ $$0PUB:(DE-HGF)19$$2PUB:(DE-HGF)$$aMaster Thesis$$bmaster$$mmaster$$s1613566874_8816
000236546 3367_ $$2ORCID$$aSUPERVISED_STUDENT_PUBLICATION
000236546 502__ $$aMasterarbeit, Goethe Universität Frankfurt, 2020$$bMasterarbeit$$cGoethe Universität Frankfurt$$d2020
000236546 536__ $$0G:(DE-HGF)POF3-6211$$a6211 - Extreme States of Matter: From Cold Ions to Hot Plasmas (POF3-621)$$cPOF3-621$$fPOF III$$x0
000236546 693__ $$0EXP:(DE-Ds200)P176-20200803$$1EXP:(DE-Ds200)PTA-20200803$$5EXP:(DE-Ds200)P176-20200803$$aPTA$$eP176: Interaction of relativistic laser pulses with near critical plasma for optimisation of the (POF3-6211; PTA)$$x0
000236546 8564_ $$uhttps://repository.gsi.de/record/236546/files/Masterarbeit%20Gyrdymov.pdf$$yRestricted
000236546 8564_ $$uhttps://repository.gsi.de/record/236546/files/Masterarbeit%20Gyrdymov.gif?subformat=icon$$xicon$$yRestricted
000236546 8564_ $$uhttps://repository.gsi.de/record/236546/files/Masterarbeit%20Gyrdymov.jpg?subformat=icon-1440$$xicon-1440$$yRestricted
000236546 8564_ $$uhttps://repository.gsi.de/record/236546/files/Masterarbeit%20Gyrdymov.jpg?subformat=icon-180$$xicon-180$$yRestricted
000236546 8564_ $$uhttps://repository.gsi.de/record/236546/files/Masterarbeit%20Gyrdymov.jpg?subformat=icon-640$$xicon-640$$yRestricted
000236546 909CO $$ooai:repository.gsi.de:236546$$pVDB
000236546 9131_ $$0G:(DE-HGF)POF3-621$$1G:(DE-HGF)POF3-620$$2G:(DE-HGF)POF3-600$$3G:(DE-HGF)POF3$$4G:(DE-HGF)POF$$9G:(DE-HGF)POF3-6211$$aDE-HGF$$bForschungsbereich Materie$$lVon Materie zu Materialien und Leben$$vIn-house research on the structure, dynamics and function of matter$$x0
000236546 9132_ $$0G:(DE-HGF)POF4-631$$1G:(DE-HGF)POF4-630$$2G:(DE-HGF)POF4-600$$3G:(DE-HGF)POF4$$4G:(DE-HGF)POF$$aDE-HGF$$bForschungsbereich Materie$$lFrom Matter to Materials and Life$$vMatter – Dynamics, Mechanisms and Control$$x0
000236546 9141_ $$y2020
000236546 920__ $$lyes
000236546 9201_ $$0I:(DE-Ds200)PPH-20051214OR027$$kPPH$$lPlasmaphysik / PHELIX$$x0
000236546 980__ $$amaster
000236546 980__ $$aVDB
000236546 980__ $$aI:(DE-Ds200)PPH-20051214OR027
000236546 980__ $$aUNRESTRICTED